| 000 | 01590nam a2200229 a 4500 | ||
|---|---|---|---|
| 001 | 000016467 | ||
| 005 | 20240307073946.0 | ||
| 008 | 100305s1999 dr 001 0 spa d | ||
| 040 |
_aDO-SdBNP _bspa _cBNPHU |
||
| 082 |
_a460 _bJ36l |
||
| 100 | 1 |
_aJáquez Thomás, Francisco _936677 |
|
| 245 | 1 | 0 |
_aLengua española básica y ortografía / _cFrancisco Jáquez Thomás. |
| 260 |
_aSanto Domingo : _bUASD, _c1999. |
||
| 300 |
_a127 p. ; _c21 cm. |
||
| 490 | 1 |
_aLinguistica y sociedad ; _v19 |
|
| 504 | _aIncluye bibliografías [p. 124-127] | ||
| 505 | 2 | _aPrólogo -- Tema III : Algunos aspectos fonéticos en el estudio del español -- La comunicación -- La palabra -- Funciones del lenguaje -- Lenguaje, lengua, habla y signo lingüístico -- La doble articulación del lenguaje -- El signo lingüístico -- Niveles del lenguaje -- Usos de la b y v -- Niveles de la lengua -- La lectura -- Unidad IV: El párrafo -- La g y j -- Unidad V: El resumen -- Usos de la h -- Unidad VI: Las fichas -- Tema VII: Los signos de puntuación -- Usos de la z, la c y la s -- Tema VIII: La oración -- El verbo -- Ejercicios con homófonas -- Algunas formas de expresión oral -- La narración -- Tema IX: Morfología: La palabra y su estructura -- Verbo haber y hacer (con el uso de la h) -- Unidad VI: La carta, el sobre y el telegrama -- Tema IV: El diálogo -- Ortografía de ll e y -- Uso del diccionario X -- Bibliografía. | |
| 650 | 4 |
_aEspañol _xOrtografía _91453 |
|
| 710 | 1 |
_aUniversidad Autónoma de Santo Domingo _972951 |
|
| 830 | 0 |
_aLinguistica y sociedad ; _n19 _936678 |
|
| 049 | _aBNPD | ||
| 999 |
_c16002 _d16002 |
||